| 000 | 09276cam a2200685 4500 | ||
|---|---|---|---|
| 008 | 090401t1996 xxu||||| |||| 00| 0 eng d | ||
| 020 | _a0854067434 | ||
| 035 | _a(Sirsi) u64153 | ||
| 041 | _aeng | ||
| 050 | _a690.072 | ||
| 090 | _aRICS 1996/6ABCD | ||
| 110 |
_aRoyal Institution of Chartered Surveyors _94900 |
||
| 245 |
_aCOBRA `95 : proceedings of the first RICS Construction and Building Research Conference held at Heriot-Watt University on 8th-9th September 1995. Volume 1 _h[electronic resource] |
||
| 260 |
_aLondon _bRICS _c1996 |
||
| 300 | _a263p. ; 30cm. | ||
| 350 | _a30 | ||
| 520 | _aVolume 1 ISBN 0854067434. CONTENTS:- Contexts and trends in the construction industry - keynote address at the COBRA conference. - BARRETT, P. / Integrating and managing the project team. - HOWELL, P. & HARDCASTLE, C. / How clients influence construction professionals' working practices. - SIMISTER, S. / Assessing the effectiveness of client participation in construction projects. - DAVENPORT, D & SMITH, R. / The growth and development of project management in the UK construction industry. - GAMESON, R. & LOWE, D. / An investigation into the reasons for cost differences between equivalent French and UK construction activities in the field of concrete work. - SMITH, R. & DAVENPORT, D. / Marketing the professional service by quantity surveying consultancy practices in South Africa. - BOWEN, P. & RWELAMILA, P. / An examination of the varying methods employed to manage the client relationship in building surveying practices. - WELDON, J. & BARRETT, P. / Changing nature of QS practices in New Zealand. - WILKINSON, S. /Life cycle costing techniques: how the construction industry could learn from other industries - GARNETT, N.; OWEN, K. / Facilities Programming - KELLY, J.; MALE, S. / Strategic cost modelling and the role of judgment - FORTUNE, C.; LEES, M. / Examination of the modelling potential of life cycle costs for office buildings - EATON, D.; SMITH, J. / Determining the influence of design attributes on construction costs - JAMES, H.; PACKER, A.; TATE, B. / Effect of value techniques on design flair - MORLEDGE, R.; MARRIOTT, P. / A method for allowing dependency between activities duration in solving the problem of stochastic network analysis - DAWOOD, N. / Multi-criteria analysis for satisfying client needs - OLTEAN-DUMBRAVA, C. / The application of computer generated graphics in organisational decision support systems operating in a real time mode - MCGEORGE, D.; CHEN, S. E.; OSTWALD, E. / The effectiveness of the design team as a temporary management structure - HALL, K. & BOWEN, P. / Changing procedures and practices and their impact on the industry: the supply of construction services for the repair and maintenance of historic buildings and monuments - DREWER, S.; STEEL, M. / Error characteristics of the English house condition survey - LARHAM, R. / Construction on contaminated land - LEWRY, A.; GARWIN, S. / Assisted learning in building condition assessment - MIKA, S. / The 'art' and the management of design and build competitions - ORMEROD, M. / Flood damage and Reinstatement - LUNAN, N. / Procurement and the use of intelligent contract authoring - HIBBERD, P.; STANSFIELD, F. / Quantity surveyors' role in design and build procurement method - KENNEDY, S.; AKINTOYE, A. / Strategies for procurement: development of choice and implementation methodology - MORLEDGE, R.; SHARIF, A. / New forms of project procurement: implications for cost databases, cost planning and tender price indexing - SMITH R.; ADAM F.; QUINN, E. / Postmodernism provides new ways of thinking about construction procurement - STANSFIELD, F. / Interpretive and modelling problems of risk and uncertainty in bidding techniques - EATON D. | ||
| 650 |
_aRefurbishment _96264 |
||
| 650 | _aBUILDING RESEARCH | ||
| 650 | _aBUSINESS PROCESS RE-ENGINEERING | ||
| 650 | _aCOBRA 95 | ||
| 650 | _aCONSTRUCTION AND BUILDING RESEARCH | ||
| 650 | _aCONSTRUCTION ECONOMICS | ||
| 650 | _aCONSTRUCTION INDUSTRY | ||
| 650 | _aCONSTRUCTION MAINTENANCE | ||
| 650 | _aCONSTRUCTION RESEARCH | ||
| 650 | _aENERGY EFFICIENCY | ||
| 650 |
_aFacilities management _96240 |
||
| 650 | _aHOUSING MANAGEMENT | ||
| 650 |
_aProperty management _96262 |
||
| 650 | _aRISK MANAGEMENT | ||
| 690 | _aBUILT ENVIRONMENT | ||
| 856 | 4 | 0 |
_uhttps://www.rics.org/Global/Downloads/ContextTrendsConstructionIndustry1995.pdf _zView 'Context and trends in the construction industry' at www.rics.org... |
| 856 | 4 | 0 |
_uhttps://www.rics.org/Global/Downloads/IntegratingManagingProjectTeam199509.pdf _zView 'Integrating and managing the project team: an analysis of design and build contracts' at www.rics.org... |
| 856 | 4 | 0 |
_uhttps://www.rics.org/Global/Downloads/HowClientsInfluenceConstructionProfessionalsWorkingPractices199507.pdf _zView 'How clients influence construction professionals' working practices' at www.rics.org... |
| 856 | 4 | 0 |
_uhttps://www.rics.org/Global/Downloads/EffectivenessClientParticipationConstructionProjects199509.pdf _zView 'Assessing the effectiveness of client participation in construction projects' at www.rics.org... |
| 856 | 4 | 0 |
_uhttps://www.rics.org/Global/Downloads/GrowthDevelopmentProjectManagementUK199509.pdf _zView 'The growth and development of project management in the UK construction industry' at www.rics.org... |
| 856 | 4 | 0 |
_uhttps://www.rics.org/Global/Downloads/ChangingNatureQSPracticesNewZealand1995.pdf _zView 'Changing nature of QS practices in New Zealand' at www.rics.org... |
| 856 | 4 | 0 |
_uhttps://www.rics.org/Global/Downloads/LifeCycleCostingTechniques199507.pdf _zView ' Life cycle costing techniques: how the construction industry could learn from other industries' at www.rics.org... |
| 856 | 4 | 0 |
_uhttps://www.rics.org/Global/Downloads/FacilitiesProgramming199509.pdf _zView 'Facilities Programming' at www.rics.org... |
| 856 | 4 | 0 |
_uhttps://www.rics.org/Global/Downloads/StrategicCostModellingRoleOfJudgement1995.pdf _zView 'Strategic cost modelling and the role of judgement' at www.rics.org |
| 856 | 4 | 0 |
_uhttps://www.rics.org/Global/Downloads/InfluenceDesignAttributesConstructionCosts1995.pdf _zView 'Determining the influence of design attributes on construction costs' at www.rics.org... |
| 856 | 4 | 0 |
_uhttps://www.rics.org/Global/Downloads/EffectValueTechniquesDesignFlair1995.pdf _zView 'Effect of value techniques on design flair' at www.rics.org... |
| 856 | 4 | 0 |
_uhttps://www.rics.org/Global/Downloads/MethodAllowing_Dependency1995.pdf _zView 'A method for allowing dependency between activities duration in solving the problem of stochastic network analysis' at www.rics.org... |
| 856 | 4 | 0 |
_uhttps://www.rics.org/Global/Downloads/MultiCriteriaAnalysisSatisfyingClientNeeds199509.pdf _zView 'Multi-criteria analysis for satisfying client needs' at www.rics.org... |
| 856 | 4 | 0 |
_uhttps://www.rics.org/Global/Downloads/ApplicationComputerGeneratedGraphicsOrganisationalDecision199509.pdf _zView 'The application of computer generated graphics in organisational decision support systems operating in a real time mode' at www.rics.org... |
| 856 | 4 | 0 |
_uhttps://www.rics.org/Global/Downloads/ChangingProceduresPracticesHistoricBuildings1995.pdf _zView 'Changing procedures and practices and their impact on the industry: the supply of construction services for the repair and maintenance of historic buildings and monuments' at www.rics.org... |
| 856 | 4 | 0 |
_uhttps://www.rics.org/Global/Downloads/ErrorCharacteristicsEnglishHouseConditionSurvey1995.pdf _zView 'Error characteristics of the English house condition survey' at www.rics.org... |
| 856 | 4 | 0 |
_uhttps://www.rics.org/Global/Downloads/ConstructionOnContaminatedLand1995.pdf _zView 'Construction on contaminated land' at www.rics.org... |
| 856 | 4 | 0 |
_uhttps://www.rics.org/Global/Downloads/AssistedLearningBuildingConditionAssessment199509.pdf _zView 'Assisted learning in building condition assessment' at www.rics.org... |
| 856 | 4 | 0 |
_uhttps://www.rics.org/Global/Downloads/FloodDamageReinstatement1995_1_.pdf _zView 'Flood damage and reinstatement' at www.rics.org... |
| 856 | 4 | 0 |
_uhttps://www.rics.org/Global/Downloads/ProcurementUseOfIntelligentContractAuthoring1995.pdf _zView 'Procurement and the use of intelligent contract authoring' at www.rics.org... |
| 856 | 4 | 0 |
_uhttps://www.rics.org/Global/Downloads/QSRoleInDesign1995.pdf _zView 'Quantity surveyors' role in design and build procurement method' at www.rics.org... |
| 856 | 4 | 0 |
_uhttps://www.rics.org/Global/Downloads/StrategiesForProcurement1995.pdf _zView 'Strategies for procurement' at www.rics.org... |
| 856 | 4 | 0 |
_uhttps://www.rics.org/Global/Downloads/NewFormsProjectProcurement1995.pdf _zView 'New forms of project procurement: implications for cost databases, cost planning and tender price indexing' at www.rics.org... |
| 856 | 4 | 0 |
_uhttps://www.rics.org/Global/Downloads/PostmodernismProvidesNewWaysThinking1995.pdf _zView 'Postmodernism provides new ways of thinking about construction procurement' at www.rics.org... |
| 856 | 4 | 0 |
_uhttps://www.rics.org/Global/Downloads/InterpretiveModellingProblemsRisk1995.pdf _zView 'Interpretive and modelling problems of risk and uncertainty in bidding techniques' at www.rics.org... |
| 942 | _n0 | ||
| 948 | _c04/03/1997 | ||
| 999 |
_c94646 _d94646 |
||